000 01260nam a2200313Ia 4500
001 ebr10022998
003 CaPaEBR
006 m u
007 cr cn|||||||||
008 020326s2002 nyua sb 000 0 eng d
020 _z0312299192
040 _aCaPaEBR
_cCaPaEBR
035 _a(OCoLC)54360178
050 1 4 _aB945.R853
_bW37 2002eb
082 0 4 _a180
_221
100 1 _aRuprecht, Louis A.
245 1 0 _aWas Greek thought religious?
_h[electronic resource] :
_bon the use and abuse of Hellenism, from Rome to romanticism /
_cLouis A. Ruprecht, Jr.
260 _aNew York :
_bPalgrave/St. Martin's Press,
_c2002.
300 _axxiv, 268 p. :
_bill.
504 _aIncludes bibliographical references (p. [185]-286).
533 _aElectronic reproduction.
_bPalo Alto, Calif. :
_cebrary,
_d2009.
_nAvailable via World Wide Web.
_nAccess may be limited to ebrary affiliated libraries.
650 0 _aHellenism.
650 0 _aPhilosophy, Ancient.
650 0 _aPhilosophy and religion
_zGreece.
650 0 _aPhilosophy and religion
_xHistory.
655 7 _aElectronic books.
_2local
710 2 _aebrary, Inc.
856 4 0 _uhttp://site.ebrary.com/lib/rucke/Doc?id=10022998
_zAn electronic book accessible through the World Wide Web; click to view
999 _c22997
_d22997